[Event "Floripa Chess Open 2024"]
[Site "Florianopolis"]
[Date "2024.01.28"]
[Round "10.166"]
[White "Fossatti, Igor Anton"]
[Black "Vieira, Luana Saddi"]
[Result "1-0"]
[WhiteElo "1340"]
[BlackElo "1501"]
[PlyCount "89"]
[EventDate "2024.01.20"]
[EventRounds "10"]
[EventCountry "BRA"]

1. e4 e5 2. Nf3 Nc6 3. Bc4 Bc5 4. c3 Nf6 5. d4 exd4 6. e5 Ne4 7. Bd5 f5 8. cxd4
Bb4+ 9. Bd2 ({RR} 9. Nbd2 Ne7 10. Bb3 d6 11. exd6 Nxd6 12. O-O Bd7 13. Nc4 Be6
14. Nce5 Bxb3 15. Qxb3 Ba5 16. Qa4+ Nc6 17. Nxc6 bxc6 18. Qxa5 O-O 19. Ne5 Qh4
20. f4 Ne4 21. Be3 Nf6 22. h3 Nh5 23. Rf3 Ng3 {Abdulsalam,s-Prisha Chheda
chess.com INT 2021 1-0}) 9... Nxd2 10. Nbxd2 d6 11. a3 $146 ({RR} 11. O-O Bxd2
12. Qxd2 Ne7 13. Bb3 d5 14. Qg5 O-O 15. Rfe1 Be6 16. Qd2 h6 17. g3 Qe8 18. Rac1
c6 19. Kh1 Qh5 20. Bd1 g5 21. Rg1 Kh7 22. Qd3 Qg6 23. Rc3 f4 24. g4 Qxd3 25.
Rxd3 Rac8 {Tetik,M (1470)-Toren,K (1819) Konya TUR 2018 1-0 (89)}) ({RR} 11. e6
Qf6 12. O-O Bxd2 13. Qxd2 Ne7 14. Bb3 Bxe6 15. Bxe6 Qxe6 16. Rfe1 Qf6 17. Qe2
c6 18. d5 cxd5 19. Rac1 Kf7 20. Rc7 Rhe8 21. Qd2 Kg6 22. Rxb7 h6 23. Rc1 Rac8
24. Rxc8 Rxc8 25. Rxa7 Nc6 {Strathoff,J (2133)-Saran,B (1872) Osnabrueck 2012
1/2-1/2 (33)}) ({RR} 11. e6 Qf6 12. O-O Nxd4 13. a3 Bxd2 14. Qxd2 Nxf3+ 15.
gxf3 c6 16. Bb3 d5 17. Qb4 Qxb2 18. e7 a5 19. Qd6 Bd7 20. Rab1 Qf6 21. Qc5 Qg5+
22. Kh1 Qf4 23. Kg2 Qg5+ 24. Kh1 Qh5 25. Kg2 f4 {Mandado Castelany,M-Galvan
Sotelo,B (1555) Padron 2008 1-0 (43)}) 11... Ne7 12. Bf7+ Kxf7 13. Qb3+ Ke8 14.
axb4 dxe5 15. Nxe5 Qd5 16. O-O Qxb3 17. Nxb3 b6 18. Rfe1 Bb7 19. Rac1 Rc8 20.
Re2 Rf8 21. Nd2 Kd8 22. Ndf3 Bxf3 23. Nxf3 Kd7 24. Ne5+ Kd6 25. Nc4+ Kd7 26.
Rce1 Rce8 27. Ra1 Nc8 28. Ne5+ Kd6 29. Rc2 Re7 30. h3 Rfe8 31. Ra3 g6 32. f3 g5
33. Kf2 h5 34. Rc6+ Kd5 35. Rf6 c5 36. bxc5 bxc5 37. Rxf5 cxd4 38. Ng6+ Kc4 39.
Nxe7 Rxe7 40. Raa5 d3 41. Rac5+ Kb3 42. Rxc8 Re2+ 43. Kf1 Rc2 44. Rd8 Rc1+ 45.
Kf2 1-0

[Event "Floripa Chess Open 2024"]
[Site "Florianopolis"]
[Date "2024.01.28"]
[Round "10.167"]
[White "De Oliveira Fernandes, Luis Felipe Araujo "]
[Black "Paiva, Gaston"]
[Result "0-1"]
[WhiteElo "1800"]
[BlackElo "1472"]
[PlyCount "74"]
[EventDate "2024.01.20"]
[EventRounds "10"]
[EventCountry "BRA"]

1. c4 Nf6 2. Nf3 c6 3. Nc3 d5 4. cxd5 cxd5 5. g3 Nc6 6. d4 Bg4 7. Bg2 e6 ({RR} 
7... Bxf3 8. Bxf3 e6 9. O-O Bb4 10. Bf4 Bxc3 11. bxc3 O-O 12. Rb1 b6 13. c4 Rc8
14. cxd5 Nxd5 15. Bc1 Nc3 16. Qb3 Nxb1 17. Qxb1 Nxd4 18. Bg2 Nxe2+ 19. Kh1 Nxc1
{0-1 (19) Zainullina,N (2099)-Legenia,A (2092) chess.com INT 2021}) 8. h3 Bh5
9. O-O Bb4 $146 ({RR} 9... Bd6 10. Be3 a6 11. Na4 Ne4 12. Nd2 f5 13. Nxe4 fxe4
14. Rc1 O-O 15. Nc5 Qe7 16. Re1 Rac8 17. Qa4 Be8 18. Red1 Ne5 19. Qb3 Nc4 20.
Nxe4 Na5 21. Qb6 Bc7 22. Qc5 Qd7 23. Nd2 Bh5 24. Nf3 {Szakacs,D (2030)-Nemeth,
J (2073) Hungary 2003 1-0 (40)}) 10. a3 Ba5 11. b4 Bc7 12. Qb3 O-O 13. a4 h6
14. a5 Bd6 15. Ba3 Rc8 16. Qa4 Bg6 17. Nb5 Bb8 18. Rfc1 a6 19. Nc3 Re8 20. e3
Ne4 21. Bf1 Nxc3 22. Rxc3 Nxd4 23. Rxc8 Nxf3+ 24. Kg2 Qxc8 25. Kxf3 Be4+ 26.
Ke2 Qc4+ 27. Kd2 Qc8 28. Rc1 Qd8 29. b5 Qd7 30. Qb4 Rc8 31. Rxc8+ Qxc8 32. bxa6
bxa6 33. Bxa6 Qxa6 34. Qxb8+ Kh7 35. Qb4 Qd3+ 36. Ke1 Bf3 37. Bb2 Qd1# 0-1

[Event "Floripa Chess Open 2024"]
[Site "Florianopolis"]
[Date "2024.01.28"]
[Round "10.168"]
[White "Dos Santos, Rafaela Alves"]
[Black "Ataide, Gerson Britto"]
[Result "1-0"]
[WhiteElo "1800"]
[BlackElo "1463"]
[PlyCount "87"]
[EventDate "2024.01.20"]
[EventRounds "10"]
[EventCountry "BRA"]

1. e4 c6 2. d4 d5 3. exd5 cxd5 4. Nf3 Nc6 5. Bf4 Bg4 6. c3 Nf6 7. h3 ({RR} 7.
Qb3 Na5 8. Qa4+ Bd7 9. Qc2 a6 10. Nbd2 g6 11. Bd3 Bg7 12. Ne5 O-O 13. O-O Rc8
14. Rfe1 Nc6 15. h3 Nxd4 16. Qd1 Nc6 17. Ndf3 Nxe5 18. Nxe5 Bc6 19. Qb3 e6 20.
Nxc6 Rxc6 21. Qxb7 Rb6 {Turov,M (2695)-Panarin,M (2495) playchess.com INT 2005
1/2-1/2}) 7... Bd7 $146 ({RR} 7... Bh5 8. Nbd2 e6 9. Qb3 Qc8 10. Bd3 Be7 11.
O-O O-O 12. Rfe1 a6 13. a4 Bg6 14. Bxg6 hxg6 15. Ne5 Nd7 16. Ndf3 Ndxe5 17.
Nxe5 Nxe5 18. Bxe5 Qc6 19. Re3 Bd6 20. Rae1 Bxe5 21. Rxe5 Rac8 22. h4 {Francke,
J (1916)-Starke,R (1885) Berlin 2001 1/2-1/2 (44)}) ({RR} 7... Bh5 8. Be2 e6 9.
O-O Bd6 10. Ne5 Bxe2 11. Qxe2 O-O 12. Nd2 Bxe5 13. dxe5 Nd7 14. Rfe1 Qb6 15.
Nf3 Rac8 16. Ng5 h6 17. Nf3 Na5 18. Rad1 Nc4 19. Bc1 Qa5 20. Rd4 Qxa2 21. Qc2
Ncb6 22. Bxh6 {Bhakti,K (2388)-Dordzhieva,D (2325) chess.com INT 2021 1-0 (39)}
) ({RR} 7... Bh5 8. Nbd2 e6 9. Qb3 Qb6 10. Qxb6 axb6 11. Ne5 Nd7 12. Bb5 Ndxe5
13. Bxe5 Rc8 14. O-O f6 15. Bh2 Bf7 16. Rfe1 Kd7 17. Nf1 Bd6 18. Bxd6 Kxd6 19.
Ne3 Be8 20. Be2 Bd7 21. f4 Ne7 22. Bf3 {Lindner,D-Hebbinghaus,H Germany 1993 1/
2-1/2 (46)}) ({RR} 7... Bxf3 8. Qxf3 e6 9. Nd2 Qb6 10. Rb1 a5 11. Bd3 Be7 12.
O-O O-O 13. Rfe1 Qd8 14. Re3 a4 15. a3 Bd6 16. Bxd6 Qxd6 17. Qe2 Nd7 18. Nf3
Nf6 19. Ne5 Ne7 20. Ng4 Nxg4 21. hxg4 Ng6 22. g3 {Gamble,R (2025)-Moore,J 
(2048) Southend 2006 1-0 (45)}) 8. Bd3 g6 9. Nbd2 Bg7 10. O-O O-O 11. Re1 Re8
12. Nf1 Qb6 13. Qc2 Rac8 14. Ng3 Nb4 15. Qd2 Nxd3 16. Qxd3 Qxb2 17. Reb1 Qxc3
18. Qxc3 Rxc3 19. Rxb7 Ra3 20. Bb8 a6 21. Ba7 Bf8 22. Ne5 Bb5 23. Bc5 Ra4 24.
f3 h5 25. a3 h4 26. Nf1 Nh5 27. Ne3 Nf6 28. Nd1 e6 29. Rxf7 Bxc5 30. dxc5 Rf8
31. Rc7 Ne8 32. Ra7 Rf5 33. Nxg6 Rf7 34. Ra8 Bc6 35. Rb8 Kg7 36. Ne5 Rc7 37.
Nxc6 Nf6 38. Nb4 Rxc5 39. Nb2 Raa5 40. a4 Rc3 41. N2d3 e5 42. Nxe5 Nh5 43. Rd8
Kf6 44. Nxd5+ 1-0

[Event "Floripa Chess Open 2024"]
[Site "Florianopolis"]
[Date "2024.01.28"]
[Round "10.169"]
[White "Braga, Kaio Santos"]
[Black "Goncalves, Adriana Emiliana"]
[Result "1-0"]
[WhiteElo "1442"]
[BlackElo "1744"]
[PlyCount "111"]
[EventDate "2024.01.20"]
[EventRounds "10"]
[EventCountry "BRA"]

1. e4 e5 2. Nf3 Nc6 3. Bb5 Nf6 4. O-O d6 5. Re1 a6 6. Ba4 b5 7. Bb3 Na5 8. d4
Nxb3 9. axb3 exd4 10. Qxd4 ({RR} 10. Nxd4 Bd7 11. e5 dxe5 12. Rxe5+ Be7 13. Qe2
c5 14. Nf3 Be6 15. Bg5 O-O 16. Nc3 Qc7 17. h3 h6 18. Bh4 Rfe8 19. Re1 Kh8 20.
Qe3 Nd7 21. Rxe6 fxe6 22. Bxe7 b4 23. Nh4 bxc3 24. bxc3 Qc6 {Huebner,R (2600)
-Kavalek,L (2600) Tilburg 1980 1-0 (35)}) ({RR} 10. Nxd4 Bb7 11. Nc3 Be7 12.
Nf5 O-O 13. Qf3 Nd7 14. Qg3 g6 15. Nxe7+ Qxe7 16. Bg5 Qe5 17. Bf4 Qf6 18. Rad1
Rfe8 19. b4 Qe6 20. b3 Nf6 21. Qh4 Nh5 22. Be3 Qf6 23. Qxf6 Nxf6 24. f3 Nd7 {
Khanin,S (2500)-Pogosyan,S (2459) Moscow RUS 2019 1/2-1/2 (68)}) 10... c5 $146
({RR} 10... Be7 11. e5 dxe5 12. Qxd8+ Bxd8 13. Rxe5+ Kd7 14. Nc3 Bb7 15. Bf4
Re8 16. Rd1+ Kc8 17. Ng5 Rxe5 18. Bxe5 h6 19. Nxf7 Be7 20. f3 Bc6 21. Bd4 Kb7
22. Ne5 Be8 23. Nd3 Bg6 24. Re1 Bd6 25. Bxf6 {Wernik,R-Vazquez,L Uruguay 1987
1-0 (38)}) 11. Qd3 Be6 12. e5 dxe5 13. Qxd8+ Rxd8 14. Nxe5 Bd6 15. Nc6 Ra8 16.
Nc3 O-O 17. Bg5 Ng4 18. g3 h6 19. Be7 Bxe7 20. Nxe7+ Kh7 21. Ncd5 Nf6 22. Nc7
Ra7 23. Nxe6 fxe6 24. Rxe6 Re8 25. Rae1 a5 26. Nc6 Rxe6 27. Rxe6 Rd7 28. Re2 a4
29. bxa4 bxa4 30. c3 Nd5 31. Rd2 Nb6 32. Rxd7 Nxd7 33. Kf1 Nb6 34. Na5 Kg6 35.
Ke2 Kf5 36. h3 g5 37. f3 Ke5 38. Kd3 Kd5 39. f4 gxf4 40. gxf4 c4+ 41. Ke3 Nd7
42. Nb7 h5 43. Na5 Nf6 44. Kf3 h4 45. f5 Ne4 46. Nxc4 Nxc3 47. Ne3+ Ke5 48.
bxc3 a3 49. Nc2 a2 50. Kg4 Ke4 51. f6 Kd3 52. Na1 Kxc3 53. f7 Kb2 54. f8=Q Kxa1
55. Qa3 Kb1 56. Qxa2+ 1-0

[Event "Floripa Chess Open 2024"]
[Site "Florianopolis"]
[Date "2024.01.28"]
[Round "10.170"]
[White "Da Silva, Leticia Alice"]
[Black "Turci, Vivian Da Silva"]
[Result "1-0"]
[WhiteElo "1435"]
[BlackElo "1800"]
[PlyCount "102"]
[EventDate "2024.01.20"]
[EventRounds "10"]
[EventCountry "BRA"]

1. e4 e5 2. Nf3 Nc6 3. Bc4 Bc5 4. c3 Nf6 5. d3 h6 6. Bb3 d6 7. Nbd2 O-O 8. O-O
Bd7 ({RR} 8... a6 9. h3 Be6 10. Re1 Re8 11. Nc4 Ba7 12. a4 b5 13. Ne3 b4 14.
Bxe6 fxe6 15. Nc4 Rb8 16. d4 bxc3 17. dxe5 cxb2 18. Bxb2 Nxe4 19. Rxe4 d5 20.
Rg4 dxc4 21. Qxd8 Rexd8 22. Bc3 Ne7 23. Rxc4 {Korneev,O (2671)-Motylev,A (2660)
Sochi 2006 1/2-1/2 (37)}) 9. h3 Re8 $146 ({RR} 9... a6 10. Nc4 b5 11. Ne3 Kh8
12. Bc2 Ne7 13. d4 exd4 14. cxd4 Bb6 15. Nh2 c6 16. f4 Re8 17. Qd3 d5 18. exd5
Nexd5 19. Nxd5 cxd5 20. Ng4 Bxg4 21. hxg4 Rc8 22. g5 hxg5 23. fxg5 Ne4 24. Rxf7
{Saavedra Trelles,A-Dobrzenski,J Villa Giardino 2002 0-1 (39)}) ({RR} 9... Ne7
10. Re1 a5 11. a3 a4 12. Ba2 Be6 13. Bb1 Ng6 14. Bc2 b5 15. Nf1 Qd7 16. d4 exd4
17. cxd4 Bb6 18. d5 Bxh3 19. gxh3 Qxh3 20. Be3 Qg4+ 21. Ng3 Bxe3 22. Rxe3 Rfe8
23. Nh2 Qd7 24. Nf5 {Costa,L (1599)-Korek,J (1193) Magdeburg 2016 1-0 (34)}) ({
RR} 9... Nh7 10. Nc4 Bb6 11. Nxb6 axb6 12. Be3 Kh8 13. d4 exd4 14. cxd4 Na5 15.
Bc2 Nc6 16. a3 Ne7 17. Qd3 d5 18. Qd2 dxe4 19. Bxe4 Bc6 20. Bc2 Bxf3 21. gxf3
Ng6 22. Be4 c6 23. f4 f5 24. Bg2 {Broz,P (1863)-Hollan,P (1675) Kouty nad
Desnou 2012 1/2-1/2}) 10. Re1 Bb6 11. Nf1 Ne7 12. Be3 Ng6 13. Bxb6 axb6 14. Ng3
Qe7 15. d4 Nf4 16. Kh2 Ng6 17. Nf5 Qd8 18. dxe5 Nxe5 19. Nxe5 Rxe5 20. Ng3 Be6
21. f4 Rea5 22. Bxe6 fxe6 23. Qb3 Kh8 24. Qxe6 Qg8 25. Qxg8+ Kxg8 26. a3 Re8
27. b4 Raa8 28. c4 Re7 29. Re2 c5 30. b5 Kf8 31. e5 dxe5 32. fxe5 Nd7 33. e6
Nf6 34. Nf5 Rc7 35. e7+ Kg8 36. Nd6 Ne8 37. Nxe8 Rxe8 38. Rae1 Kf7 39. Kg3
Rcxe7 40. Rxe7+ Rxe7 41. Rxe7+ Kxe7 42. Kf4 Kf6 43. g4 g6 44. h4 g5+ 45. hxg5+
hxg5+ 46. Ke4 Ke6 47. a4 Kf6 48. Kd5 Kg6 49. Ke6 Kg7 50. Kf5 Kf7 51. Kxg5 Kg7
1-0

[Event "Floripa Chess Open 2024"]
[Site "Florianopolis"]
[Date "2024.01.28"]
[Round "10.172"]
[White "Rahn, Marlon Cristiano"]
[Black "Lemes, Cintia"]
[Result "1-0"]
[WhiteElo "1295"]
[BlackElo "1576"]
[PlyCount "91"]
[EventDate "2024.01.20"]
[EventRounds "10"]
[EventCountry "BRA"]

1. e4 e5 2. Nf3 Nc6 3. Bc4 Bc5 4. c3 Nf6 5. d3 d5 6. exd5 Na5 7. Bb5+ c6 8.
dxc6 bxc6 9. Ba4 Bd6 $146 ({RR} 9... Qb6 10. d4 exd4 11. b4 Bxb4 12. cxb4 Qxb4+
13. Nbd2 O-O 14. O-O Re8 15. Bc2 Bg4 16. Nb3 Rad8 17. Bd2 Qc4 18. Nxa5 Qa6 19.
Nxc6 Rd6 20. Nb4 Qb7 21. Re1 {1-0 (21) Janik,M (1307)-Habinova,A (1203)
Liptovsky Mikulas 2016}) 10. O-O Bd7 11. Re1 O-O 12. Bg5 Qc7 13. Bxf6 gxf6 14.
Qd2 Kg7 15. Qe3 Rg8 16. Nbd2 Kh8 17. Ne4 Be7 18. Bc2 c5 19. Ng3 Nb7 20. Rad1
Rae8 21. d4 Qc6 22. dxe5 Bg4 23. Qe4 Qxe4 24. Bxe4 Na5 25. Bd5 Kg7 26. c4 Rc8
27. Rd3 Nc6 28. Ra3 Nxe5 29. Nxe5 fxe5 30. Rxa7 Kf8 31. h3 Be6 32. Bxe6 fxe6
33. Rxe5 Rg6 34. b3 Rd8 35. Ne4 Rd1+ 36. Kh2 Re1 37. Ra6 Re2 38. g4 h6 39. Kg2
Bh4 40. Raxe6 Rxe6 41. Rxe6 Rxa2 42. Rxh6 Be7 43. Rc6 Ra5 44. Kf3 Ke8 45. g5
Kd7 46. Rb6 1-0

[Event "Floripa Chess Open 2024"]
[Site "Florianopolis"]
[Date "2024.01.28"]
[Round "10.173"]
[White "Nunes, Alice"]
[Black "Cunha, Rodrigo Azalim"]
[Result "1/2-1/2"]
[WhiteElo "1274"]
[BlackElo "1540"]
[PlyCount "67"]
[EventDate "2024.01.20"]
[EventRounds "10"]
[EventCountry "BRA"]

1. e4 c5 2. Nf3 d6 3. Nc3 Nf6 4. Bc4 Nc6 5. d3 a6 6. a4 ({RR} 6. h3 e6 7. a3 b5
8. Ba2 Bb7 9. O-O Be7 10. Be3 Rc8 11. Ne2 d5 12. exd5 Nxd5 13. Ng3 Nxe3 14.
fxe3 Qc7 15. Ne4 h6 16. Qe1 Ne5 17. Nfd2 c4 18. d4 Nd7 19. c3 f5 20. Nc5 Nxc5 {
Ucar,A (1233)-Atayman,E (1658) Konya TUR 2018 0-1 (57)}) 6... Bg4 7. Bg5 Nd4 8.
O-O $146 ({RR} 8. a5 e6 9. h3 Bxf3 10. gxf3 h6 11. Be3 d5 12. Ba2 Rc8 13. e5
Nd7 14. f4 g5 15. Bb1 Bg7 16. Qh5 Nf5 17. Nxd5 gxf4 18. Nxf4 Qh4 19. Rg1 Qxh5
20. Nxh5 Bxe5 21. c3 Ke7 22. Bf4 Rhg8 {Newey,R (1807)-Rosenstein,P (1546) San
Francisco 2014 0-1 (48)}) ({RR} 8. Bxf6 gxf6 9. h3 Bxf3 10. gxf3 Bh6 11. Nd5 e6
12. Ne3 Ke7 13. c3 Nc6 14. Ng4 Bf4 15. Ne3 Rg8 16. Qd2 Ne5 17. Nf5+ exf5 18.
Qxf4 b5 19. axb5 axb5 20. Rd1 bxc4 21. d4 Nd3+ 22. Rxd3 cxd3 {Jacobsen,
J-Hjornevik,K (1945) Helsingor 2016 0-1}) 8... e6 9. Be3 Nxf3+ 10. gxf3 Bh3 11.
Re1 Be7 12. Ne2 O-O 13. Nf4 d5 14. Ba2 d4 15. Bd2 Bf5 16. exf5 exf5 17. Nd5
Nxd5 18. Bxd5 Bd6 19. f4 Bxf4 20. Bxf4 Qxd5 21. Re5 Qd7 22. Rxc5 b6 23. Rc7 Qe6
24. Qf3 h6 25. Kf1 g5 26. Re1 Qa2 27. Bd6 Rfe8 28. Rxe8+ Rxe8 29. Bg3 Kg7 30.
Kg2 Kg6 31. Rd7 f6 32. h3 f4 33. Bh2 Re6 34. Rxd4 1/2-1/2

[Event "Floripa Chess Open 2024"]
[Site "Florianopolis"]
[Date "2024.01.28"]
[Round "10.174"]
[White "Arnosti, Marcelo Gusmao"]
[Black "De Carvalho, Amauri"]
[Result "1/2-1/2"]
[WhiteElo "1525"]
[BlackElo "1238"]
[PlyCount "50"]
[EventDate "2024.01.20"]
[EventRounds "10"]
[EventCountry "BRA"]

1. d4 g6 2. Nf3 Bg7 3. Bf4 b6 4. e3 Bb7 5. Be2 d6 6. O-O e6 $146 ({RR} 6... Nd7
7. h3 e5 8. Bh2 Ne7 9. c3 O-O 10. Nbd2 Rc8 11. Qb3 e4 12. Ne1 d5 13. a4 f5 14.
a5 c5 15. axb6 axb6 16. Ra7 Bc6 17. Nc2 Ra8 18. Rfa1 Rxa7 19. Rxa7 Nc8 20. Ra1
c4 21. Qb4 {Newton,F-Szalai,J Dos Hermanas 2003 1-0 (33)}) 7. Nbd2 Nd7 8. c3
Ne7 9. Rc1 h6 10. h3 O-O 11. Re1 a6 12. Bd3 c5 13. Bxd6 cxd4 14. exd4 Nf6 15.
Be5 Nc6 16. Qe2 b5 17. Nb3 Nd7 18. Bxg7 Kxg7 19. c4 Nb4 20. Bb1 bxc4 21. Rxc4
a5 22. Qe3 Nd5 23. Qd2 Nb4 24. Qe3 Nd5 25. Qd2 Nb4 1/2-1/2

[Event "Floripa Chess Open 2024"]
[Site "Florianopolis"]
[Date "2024.01.28"]
[Round "10.175"]
[White "Santos, Nathaly Camily Ferr"]
[Black "Da Costa, Carlos Henrique Luz"]
[Result "0-1"]
[WhiteElo "1167"]
[BlackElo "1520"]
[PlyCount "56"]
[EventDate "2024.01.20"]
[EventRounds "10"]
[EventCountry "BRA"]

1. e4 c5 2. Nf3 d6 3. Nc3 Nf6 4. d4 cxd4 5. Nxd4 Nc6 6. Bb5 Bd7 7. Be3 g6 8.
O-O Bg7 9. Qd2 O-O 10. Rfd1 $146 ({RR} 10. Nxc6 Bxc6 11. Bxc6 bxc6 12. Bh6 Qa5
13. Bxg7 Kxg7 14. Qd3 Rab8 15. b3 Rfd8 16. Qd4 Rb4 17. Qd3 c5 18. Qf3 Rd4 19.
Rfd1 Rc8 20. h3 h6 21. Qe3 h5 22. a4 a6 23. Re1 Qb4 24. f3 Rd8 {Wonneberger,
K-Richter,C (2085) Germany 1997 0-1 (45)}) ({RR} 10. Rad1 a6 11. Be2 Rc8 12. f4
Qc7 13. Nb3 b5 14. Nd5 Nxd5 15. exd5 Nb8 16. c3 Rfe8 17. Nd4 Qb7 18. Bf3 h5 19.
f5 Kh7 20. Be4 Bf6 21. fxg6+ fxg6 22. Qf2 Rg8 23. Qf4 Rg7 24. Qh6+ Kg8 {
Novikov,M (2510)-Domogaev,S (2435) Rilsk 2017 1-0}) ({RR} 10. Bh6 Bxh6 11. Qxh6
Nxd4 12. Bd3 Ng4 13. Qf4 e5 14. Qg3 h5 15. f4 Qb6 16. Kh1 Qxb2 17. Nd5 Bc6 18.
Ne7+ Kh7 19. f5 Rae8 20. h3 Rxe7 21. hxg4 hxg4 22. Qh4+ Kg8 23. fxg6 f6 24.
Rad1 Qxa2 {Rocek,L (1030)-Kovalenko,Y (1658) Jastrzebie-Zdroj POL 2019 0-1}) ({
RR} 10. Bxc6 bxc6 11. Rad1 Re8 12. f4 Ng4 13. h3 Nxe3 14. Qxe3 Qb6 15. Na4 Qb4
16. b3 c5 17. Nf3 Bxa4 18. bxa4 Qxa4 19. e5 Qxa2 20. f5 Qxc2 21. e6 Qxf5 22.
Ng5 Bd4 23. exf7+ Qxf7 24. Rxd4 cxd4 {Puha,P (1827)-Lengyel,I (2037) Hungary
2005 1/2-1/2 (45)}) ({RR} 10. Nxc6 Bxc6 11. Bxc6 bxc6 12. Rad1 Qc7 13. Bh6 Rad8
14. h3 Rd7 15. Bxg7 Kxg7 16. Qe2 Rfd8 17. Rd2 Qb6 18. b3 Qb4 19. Rd3 d5 20.
Rfd1 d4 21. e5 Nd5 22. Nxd5 Rxd5 23. e6 f6 24. f4 R5d6 {Von Meijenfeldt,B 
(1622)-Mostertman,X (1368) Rijswijk 2006 0-1 (62)}) 10... Ne5 11. f3 Bxb5 12.
Ndxb5 Nc4 13. Qc1 Nxe3 14. Qxe3 a6 15. Na3 b5 16. Nab1 Qc7 17. a4 b4 18. Na2 a5
19. c3 Qc5 20. Qd4 Nh5 21. Qxc5 dxc5 22. Nd2 Rfd8 23. Nc4 b3 24. Rxd8+ Rxd8 25.
Nc1 Nf4 26. Nxb3 Rb8 27. Ncxa5 c4 28. Nd2 Rxb2 0-1

[Event "Floripa Chess Open 2024"]
[Site "Florianopolis"]
[Date "2024.01.28"]
[Round "10.176"]
[White "Pavao, Alice Lara Biasi"]
[Black "Coutinho, Lucas Buss Soares"]
[Result "1/2-1/2"]
[WhiteElo "1517"]
[BlackElo "1233"]
[PlyCount "52"]
[EventDate "2024.01.20"]
[EventRounds "10"]
[EventCountry "BRA"]

1. c4 c5 2. g3 Nf6 3. Bg2 Nc6 4. Nc3 e6 5. Nf3 d5 6. cxd5 exd5 7. d4 cxd4 8.
Nxd4 Bb4 ({RR} 8... Qb6 9. Nxc6 bxc6 10. O-O Be7 11. e4 Ba6 12. Re1 dxe4 13.
Nxe4 O-O 14. Be3 Qb5 15. Bg5 Rad8 16. Qc2 Qc4 17. Qxc4 Bxc4 18. Nxf6+ Bxf6 19.
Bxf6 gxf6 20. Bxc6 Rd2 21. b3 Rc8 22. Bb7 Rb8 23. Bf3 {Gyimesi,Z (2525)
-Ponomariov,R (2555) Zagan 1997 1-0 (50)}) 9. Nxc6 ({RR} 9. O-O Qa5 10. Nb3 Qd8
11. Nxd5 O-O 12. Bf4 Nxd5 13. Bxd5 Qf6 14. Qc2 Bh3 15. Rfd1 Rac8 16. Qe4 Rfe8
17. Qf3 Be6 18. Bxe6 Rxe6 19. Rd7 Rce8 20. Be3 Qg6 21. Rxb7 h5 22. Rd1 h4 23.
Nd4 Rf6 {Pobor,D (1931)-Stamatovic,V (1804) Niksic MNE 2018 1-0 (34)}) 9...
bxc6 10. O-O $146 ({RR} 10. Qd4 Qe7 11. O-O O-O 12. Bg5 Bc5 13. Bxf6 gxf6 14.
Qa4 Qb7 15. Qc2 Qe7 16. e3 Bb6 17. Rac1 Bb7 18. Rfd1 Rfe8 19. Ne2 Bxe3 20. fxe3
Qxe3+ 21. Kf1 Ba6 22. Rd2 d4 23. Qd1 Re5 24. Ke1 Qg1+ {Diaz,J (2375)-Redondo
Martin,J Asturias 1998 0-1 (67)}) ({RR} 10. Qa4 Bxc3+ 11. bxc3 Qb6 12. Ba3 Bd7
13. Bd6 Qb2 14. O-O Qxc3 15. Rfc1 Qb2 16. Rcb1 Qd2 17. Rb3 {1-0 (17) Choma,A 
(2009)-Brandt,L Foz do Iguacu 2008}) 10... O-O 11. Bd2 Bg4 12. h3 Bh5 13. g4
Bg6 14. a3 Ba5 15. b4 Bc7 16. Qc1 Re8 17. Re1 Qd6 18. f4 d4 19. Na4 Be4 20. Qc5
Qd5 21. Qxd5 Nxd5 22. Bxe4 Rxe4 23. Nc5 Re7 24. Nd3 Re4 25. Nf2 Re7 26. Nd3 Re4
1/2-1/2

[Event "Floripa Chess Open 2024"]
[Site "Florianopolis"]
[Date "2024.01.28"]
[Round "10.177"]
[White "Pereira, Francisco Neris"]
[Black "Fraga, Sofia Carneiro"]
[Result "1-0"]
[WhiteElo "1474"]
[BlackElo "1174"]
[PlyCount "95"]
[EventDate "2024.01.20"]
[EventRounds "10"]
[EventCountry "BRA"]

1. c4 Nf6 2. Nc3 g6 3. g3 Bg7 4. Bg2 O-O 5. Nf3 d6 6. d4 Re8 7. O-O Nbd7 8. Re1
({RR} 8. d5 Nb6 9. Nd2 Bd7 10. Rb1 c6 11. b3 e6 12. dxc6 Bxc6 13. e4 d5 14. c5
Nbd7 15. b4 d4 16. Ne2 Bb5 17. a4 Bd3 18. Rb3 Bxe2 19. Qxe2 a5 20. Ba3 axb4 21.
Bxb4 Bf8 22. Rc1 Rxa4 {Urban,K (2467)-Kempinski,R (2528) Plock 2000 1/2-1/2 
(63)}) 8... e5 9. dxe5 Nxe5 10. b3 $146 ({RR} 10. Nxe5 dxe5 11. Bg5 h6 12. Qxd8
Rxd8 13. Bxf6 Bxf6 14. Nd5 Bg7 15. Nxc7 Rb8 16. Nd5 Be6 17. e4 b6 18. Ne7+ Kf8
19. Nc6 Bxc4 20. Nxd8 Rxd8 21. b3 Be6 22. Rac1 Bf6 23. Rc7 a5 24. h4 h5 {
Radovanovic,D (1936)-Zajic,M (1762) Paracin 2011 1-0}) ({RR} 10. Nxe5 Rxe5 11.
h3 Rb8 12. Kh2 Bf5 13. b3 Qd7 14. Bb2 Bxh3 15. Rh1 Rh5 16. Kg1 Qf5 17. Rxh3
Rxh3 18. Bxh3 Qxh3 19. Qf1 Qg4 20. Nb5 c6 21. Nxd6 Qe6 22. c5 Ne4 23. Bxg7 Kxg7
24. Nxe4 Qxe4 {Bienvenido Kleque,J (1468)-Rodriguez Batuecas,J (1551)
Barcelona 2017 1/2-1/2}) ({RR} 10. Nxe5 Rxe5 11. f4 Re8 12. e4 Bg4 13. Bf3 Bxf3
14. Qxf3 b6 15. Be3 Qc8 16. Rad1 Qe6 17. Nd5 Nxd5 18. exd5 Qe4 19. Qxe4 Rxe4
20. b3 Rae8 21. Kf2 Bc3 22. Re2 f5 23. Rd3 Bb4 24. Kf3 Bc5 {Padva,L (1750)-Bay,
N (1688) Naumburg 2012 1/2-1/2 (41)}) 10... Nc6 11. Bb2 Ne4 12. Na4 Nf6 13. Rc1
Be6 14. Nd4 Nxd4 15. Qxd4 Qc8 16. Qf4 Nh5 17. Qf3 c6 18. Bxg7 Nxg7 19. Nc3 Bh3
20. Ne4 Bxg2 21. Kxg2 Rd8 22. Rcd1 Qe6 23. Rd2 d5 24. cxd5 cxd5 25. Nf6+ Kh8
26. Rxd5 Nf5 27. Rxd8+ Rxd8 28. Ne4 Nd4 29. Qf6+ Qxf6 30. Nxf6 Kg7 31. Ng4 Nc2
32. Rc1 Nd4 33. Rd1 h5 34. Ne5 Kf6 35. Nf3 Nc6 36. Rxd8 Nxd8 37. Nd4 Ke5 38. e3
b6 39. h4 Kd6 40. Kf3 Nb7 41. b4 Kd7 42. Kf4 Nd6 43. Ke5 Ke7 44. Nc6+ Kd7 45.
Nxa7 Ke7 46. Kd5 Kd7 47. Nc6 Kc7 48. a4 1-0

[Event "Floripa Chess Open 2024"]
[Site "Florianopolis"]
[Date "2024.01.28"]
[Round "10.178"]
[White "Salamanca Paraguayo, Mateo"]
[Black "Ribeiro, Erica De Jesus"]
[Result "0-1"]
[WhiteElo "1182"]
[BlackElo "1434"]
[PlyCount "55"]
[EventDate "2024.01.20"]
[EventRounds "10"]
[EventCountry "BRA"]

1. e4 e6 2. d4 d5 3. e5 c5 4. c3 Nc6 5. Nf3 Qb6 6. Be2 cxd4 7. cxd4 Nge7 8. Nc3
Nf5 9. Bb5 Bd7 10. Bxc6 Bxc6 11. Qb3 $146 ({RR} 11. O-O Be7 12. Rb1 h5 13. Bf4
f6 14. Qd2 Qd8 15. Rfe1 Kf7 16. b4 b6 17. b5 Bb7 18. Nd1 Rg8 19. Ne3 Nxe3 20.
Qxe3 Bc8 21. Rbc1 Bb7 22. a4 Rc8 23. Rxc8 Bxc8 24. Rc1 f5 25. Bg5 Bb7 {Fogel,
U-Vimalavathy,K Dubai 1986 1/2-1/2 (45)}) ({RR} 11. O-O Bb4 12. a4 O-O 13. Ne2
Qa5 14. Bf4 b5 15. axb5 Qxb5 16. Ng3 a5 17. Nh5 Rfc8 18. g4 Ne7 19. Bd2 Ng6 20.
Bxb4 Qxb4 21. Qd2 Nxe5 22. Qxb4 Nxf3+ 23. Kg2 Nh4+ 24. Kg3 axb4 25. Kxh4 Rxa1 {
L'Ami,E (2619)-Shirov,A (2664) Douglas ENG 2019 0-1 (39)}) ({RR} 11. O-O Be7
12. Rb1 Rc8 13. g4 Nh4 14. Nxh4 Bxh4 15. Be3 Be7 16. f4 O-O 17. g5 Kh8 18. Rf3
f6 19. exf6 gxf6 20. Rh3 Rg8 21. Qd3 Rg7 22. Kh1 fxg5 23. fxg5 Be8 24. Qd2 Bg6
25. Rf1 Kg8 {Engstrom,K (2204)-Mirzoev,E (2454) Stockholm SWE 2019 0-1 (34)}) (
{RR} 11. O-O Be7 12. Rb1 Rc8 13. h3 h5 14. Re1 Bd7 15. Qd3 {1/2-1/2 (15)
Muensch,K-Ladstetter,J Ladenburg 1992}) ({RR} 11. O-O h5 12. a3 Be7 13. b4 a6
14. Be3 Rc8 15. Rc1 O-O 16. h3 g6 17. g4 Nxe3 18. fxe3 hxg4 19. hxg4 Kg7 20.
Kg2 Rh8 21. Qd3 Rh7 22. Rf2 Bb5 23. Qd2 Bc4 24. Na4 Qc6 25. Nc5 b6 {Rau,
H-Rolle,H Fuessen 1993 1-0 (61)}) 11... Qxb3 12. axb3 Be7 13. O-O O-O 14. Bf4
Bd8 15. Rad1 Nh4 16. Nd2 Nf5 17. Nf3 Nh4 18. Nd2 f6 19. Rfe1 Bd7 20. b4 fxe5
21. Bxe5 Ng6 22. Bg3 Bh4 23. Nb3 Bxg3 24. hxg3 b6 25. Nd2 Rf6 26. Nf3 Raf8 27.
Ne2 Rc8 28. Rc1 0-1